Countries of the World- Rebus Edition #3 - Statistics

General Stats
  • This quiz has been taken 159 times
  • The average score is 10 of 16
Answer Stats
Picture Answer % Correct
Belize
98%
Yemen
83%
Bahamas
76%
Cuba
76%
Italy
71%
Hungary
68%
Namibia
67%
Mozambique
66%
Slovakia
64%
Zambia
64%
Tuvalu
63%
Pakistan
58%
Lithuania
50%
Libya
45%
Greece
43%
Syria
41%
No matching quizzes found
Score Distribution
Percent of People with Each Score
Percentile by Number Answered
Your Score History
You have not taken this quiz